000
00339nam a2200133Ia 4500
008
240126s9999 xx 000 0 und d
041
_a
English
245
0
_a
Indian Management (1998,99,2004 -
260
_b
Business Standard
_a
New Delhi
440
_a
NULL
650
_a
Management
650
_a
Management,(1998,99,2004,-
942
_c
JN
999
_c
265183
_d
265183